Tajemství kavárny na pobřeží /
Když Ava Harrisonová obdrží měsíc po náhlé smrti svého expřítele dopis s neobvyklou pracovní nabídkou, má pocit, jako by ji snad pronásledoval jeho duch. Zvláštní inzerát na místo domácí ošetřovatelky v alabamském Driftwoodu jí však nabízí jedinečnou možnost začít nový život. Ačkoliv měla Ava vždy h...
Uloženo v:
| Série: | Magické momenty,
část 5 |
|---|---|
| Hlavní autor: | |
| Médium: | E-kniha |
| Jazyk: | Czech |
| Vydáno: |
Praha :
Jota,
2026
|
| Příbuzné jednotky: | Z cyklu::
Magické momenty |
| Tagy: |
Žádné tagy |
| LEADER | 02458nam a22002417i 4500 | ||
|---|---|---|---|
| 001 | 297598 | ||
| 007 | ta | ||
| 008 | 260416s2026 xr ||||| |||| 00| 0 cze d | ||
| 020 | |a 9788076897779 | ||
| 044 | |a xr | ||
| 100 | 1 | |a Webberová, Heather |4 aut | |
| 245 | 1 | 0 | |a Tajemství kavárny na pobřeží / |c Webberová, Heather |
| 240 | 1 | 0 | |a At the Coffee Shop of Curiosities |
| 264 | 1 | |a Praha : |b Jota, |c 2026 | |
| 300 | |a 1 online zdroj (317 stran) | ||
| 336 | |a text |b txt |2 rdacontent | ||
| 337 | |a bez média |b n |2 rdamedia | ||
| 338 | |a online zdroj |b cr |2 rdacarrier | ||
| 520 | 2 | |a Když Ava Harrisonová obdrží měsíc po náhlé smrti svého expřítele dopis s neobvyklou pracovní nabídkou, má pocit, jako by ji snad pronásledoval jeho duch. Zvláštní inzerát na místo domácí ošetřovatelky v alabamském Driftwoodu jí však nabízí jedinečnou možnost začít nový život. Ačkoliv měla Ava vždy hrůzu z cestování, všechny – a nejvíc samu sebe – překvapí rozhodnutím odhodit strach a vydat se do dalekého přímořského městečka. Maggie Mae Brightwellová, na první pohled energická majitelka kavárny Magpie’s – driftwoodského podniku spojujícího voňavou kávu a svět kuriozit –, zase dokáže propojit staré s novým takovým způsobem, že vytváří téměř hmatatelnou magii. Pod veselou maskou však skrývá bolest: horečnatou prací se snaží přehlušit smutek po smrti maminky i obavy o stárnoucího otce. Ava a Maggie brzy zjistí, že je pojí víc, než by čekaly – obě pronásledují výčitky a tíha nenaplněných možností. Aby našly svou vlastní cestu, musí se naučit zapomenout na minulost a vykročit vpřed. Protože někdy vás vlny změn donesou přesně tam, kam opravdu patříte. „Život je příliš krátký, křehký a vzácný na to, abychom se schovávali ve stínech nerealizovaných snů. Když se budete neustále ohlížet zpět, můžete snadno přehlédnout příležitosti, které leží přímo před vámi.“ | |
| 787 | 0 | 8 | |g 5 |i Z cyklu: |t Magické momenty |
| 910 | |a RBIT002 | ||
| 998 | |d 426229 |a https://core.palmknihy.cz/api/books/426229/cover?tdj6lp |b https://core.palmknihy.cz/api/books/426229/cover/400?tdj6lp |c https://core.palmknihy.cz/api/books/426229/cover/50?tdj6lp |e 2031-07-24 |g 317 |i 9788076897779 |j https://core.palmknihy.cz/api/books/426229/preview.epub |l |q 49 |r 1 |s https://www.palmknihy.cz/kniha/426229 |t ebook |y 2026 |z 1 |v Magické momenty |w 5 | ||
| 999 | |d 297596 | ||